| 000 | 00802nam a22002177a 4500 | ||
|---|---|---|---|
| 005 | 20180611145605.0 | ||
| 010 | _a1718EN-30 ENG-121696 B-688121-122 | ||
| 020 |
_a9788184959925 _c299.00 |
||
| 035 | _aEN-105228 | ||
| 035 | _aB-688121-122 | ||
| 037 |
_bAKPD _adpl |
||
| 037 | _bDBAD/PUB | ||
| 082 | _a153.6 | ||
| 100 | _aStovall, Jim | ||
| 245 |
_aThe art of communication : _cby Jim Stovall _byour competitive edge / |
||
| 260 |
_aMumbai _bJaico Pub. _c2017 |
||
| 270 |
_aA-2 Jash Chambers, 7-A Sir Phirozshah Mehta Raod, _bMumbai _e400001 |
||
| 300 |
_a187p. _c19cm(pbk) |
||
| 942 |
_2ddc _cEN _mSTO _h153.6 |
||
| 999 |
_c145203 _d145203 |
||